Krishna : (Record no. 155715)

MARC details
000 -LEADER
fixed length control field 00703nam a22002537a 4500
003 - CONTROL NUMBER IDENTIFIER
control field dpl
005 - DATE AND TIME OF LATEST TRANSACTION
control field 20180809144338.0
008 - FIXED-LENGTH DATA ELEMENTS--GENERAL INFORMATION
fixed length control field 180809b xxu||||| |||| 00| 0 eng d
010 ## - LIBRARY OF CONGRESS CONTROL NUMBER
LC control number A-751592
020 ## - INTERNATIONAL STANDARD BOOK NUMBER
Terms of availability 0.00
035 ## - SYSTEM CONTROL NUMBER
System control number A-751592
037 ## - SOURCE OF ACQUISITION
Source of stock number/acquisition BPPD/PUB
040 ## - CATALOGING SOURCE
Original cataloging agency DPL
Language of cataloging EN
Transcribing agency 0
082 ## - DEWEY DECIMAL CLASSIFICATION NUMBER
Classification number 230.1
100 ## - MAIN ENTRY--PERSONAL NAME
Personal name Verma, Pavan K.
245 ## - TITLE STATEMENT
Title Krishna :
Statement of responsibility, etc Pavan K. Verma
Remainder of title The playful divine
260 ## - PUBLICATION, DISTRIBUTION, ETC. (IMPRINT)
Place of publication, distribution, etc New Delhi
Name of publisher, distributor, etc Penguin Books
Date of publication, distribution, etc 1995
270 ## - ADDRESS
Address 210 Chiranjiv Tower, 43 Nehru Place
City New Delhi
Postal code 110019
300 ## - PHYSICAL DESCRIPTION
Extent xi.;220p.
Dimensions 20cm(Hb)
500 ## - GENERAL NOTE
General note Includes index
650 ## - SUBJECT ADDED ENTRY--TOPICAL TERM
Topical term or geographic name as entry element Hinduism
9 (RLIN) 91092
650 ## - SUBJECT ADDED ENTRY--TOPICAL TERM
Topical term or geographic name as entry element Mahabharat
9 (RLIN) 91093
942 ## - ADDED ENTRY ELEMENTS (KOHA)
Source of classification or shelving scheme Dewey Decimal Classification
Koha item type English Books
Classification part 230.1
Call number suffix VER
Holdings
Withdrawn status Lost status Source of classification or shelving scheme Damaged status Not for loan Collection code Home library Current library Date acquired Source of acquisition Cost, normal purchase price Total Checkouts Full call number Barcode Date last seen Cost, replacement price Price effective from Koha item type
    Dewey Decimal Classification     Non-fiction Shahdara Branch Shahdara Branch 09/08/2018 BPPD/PUB 0.00   230.1 VER A-751592 09/08/2018 0.00 09/08/2018 English Books

© Delhi Public Library
Hit Counter
free hit counter